000 00292nam a22001337a 4500
008 170918b xxu||||| |||| 00| 0 eng d
020 _a2900072884905
041 _aeng
080 _a7
100 _a44
101 _aART
245 _aTHE HUMANISTIC TRADITION
_cFIERO, G.K
942 _2udc
_cBK
999 _c28018
_d28018